000 00414nam a22001457a 4500
082 _a624.1
_bMIL
100 _aGovt of India
_942378
245 _aMilitary engineering services hand book /
250 _a6th ed.
260 _aCalcutta:
_bCentral publication branch,
_cc1930
300 _axxv, various paging,;
_bill.;
_c22cm
526 _a0
_b0
_c0
_d624_100000000000000_MIL
650 _aMCE
_9379
942 _2ddc
_cBK
999 _c546287
_d546287